<?xml version="1.0" encoding="UTF-8"?>
<record
    xmlns:xsi="http://www.w3.org/2001/XMLSchema-instance"
    xsi:schemaLocation="http://www.loc.gov/MARC21/slim http://www.loc.gov/standards/marcxml/schema/MARC21slim.xsd"
    xmlns="http://www.loc.gov/MARC21/slim">

  <leader>00564nam a22001937a 4500</leader>
  <controlfield tag="005">20230612095949.0</controlfield>
  <controlfield tag="008">230612b        |||||||| |||| 00| 0 eng d</controlfield>
  <datafield tag="020" ind1=" " ind2=" ">
    <subfield code="a">9781107444782</subfield>
  </datafield>
  <datafield tag="040" ind1=" " ind2=" ">
    <subfield code="a">KMU</subfield>
    <subfield code="c">KMU</subfield>
    <subfield code="d">KMU</subfield>
    <subfield code="e">KMU</subfield>
  </datafield>
  <datafield tag="050" ind1=" " ind2=" ">
    <subfield code="a"> PS 648.H25</subfield>
  </datafield>
  <datafield tag="100" ind1=" " ind2=" ">
    <subfield code="a">Robinson,Anne</subfield>
  </datafield>
  <datafield tag="245" ind1=" " ind2=" ">
    <subfield code="a">Fun for movers:</subfield>
    <subfield code="b">Student Book/</subfield>
    <subfield code="c">Anne Robison and Karen Saxby</subfield>
  </datafield>
  <datafield tag="260" ind1=" " ind2=" ">
    <subfield code="a">Cambridge:</subfield>
    <subfield code="b">Cambridge University,</subfield>
    <subfield code="c">2015.</subfield>
  </datafield>
  <datafield tag="300" ind1=" " ind2=" ">
    <subfield code="a">125 p.:</subfield>
    <subfield code="b">ill.;</subfield>
    <subfield code="c">28cm</subfield>
  </datafield>
  <datafield tag="650" ind1=" " ind2=" ">
    <subfield code="a">English Language </subfield>
  </datafield>
  <datafield tag="650" ind1=" " ind2=" ">
    <subfield code="a">Activity Program</subfield>
  </datafield>
  <datafield tag="700" ind1=" " ind2=" ">
    <subfield code="a">Saxby Karen</subfield>
  </datafield>
  <datafield tag="942" ind1=" " ind2=" ">
    <subfield code="2">lcc</subfield>
    <subfield code="c">FM</subfield>
    <subfield code="e">Third Edition</subfield>
    <subfield code="n">0</subfield>
  </datafield>
  <datafield tag="999" ind1=" " ind2=" ">
    <subfield code="c">406</subfield>
    <subfield code="d">406</subfield>
  </datafield>
  <datafield tag="952" ind1=" " ind2=" ">
    <subfield code="0">0</subfield>
    <subfield code="1">0</subfield>
    <subfield code="2">lcc</subfield>
    <subfield code="4">0</subfield>
    <subfield code="7">0</subfield>
    <subfield code="8">FIC</subfield>
    <subfield code="a">CPL</subfield>
    <subfield code="b">CPL</subfield>
    <subfield code="c">CHILD</subfield>
    <subfield code="d">2023-06-12</subfield>
    <subfield code="e">Zambia Library Service</subfield>
    <subfield code="l">0</subfield>
    <subfield code="o"> PS 648.H25 Rob</subfield>
    <subfield code="p">300373</subfield>
    <subfield code="r">2023-06-12 00:00:00</subfield>
    <subfield code="w">2023-06-12</subfield>
    <subfield code="y">FM</subfield>
  </datafield>
  <datafield tag="952" ind1=" " ind2=" ">
    <subfield code="0">0</subfield>
    <subfield code="1">0</subfield>
    <subfield code="2">lcc</subfield>
    <subfield code="4">0</subfield>
    <subfield code="7">0</subfield>
    <subfield code="8">FIC</subfield>
    <subfield code="a">CPL</subfield>
    <subfield code="b">CPL</subfield>
    <subfield code="c">CHILD</subfield>
    <subfield code="d">2023-06-12</subfield>
    <subfield code="e">Zambia Library Service</subfield>
    <subfield code="l">0</subfield>
    <subfield code="o"> PS 648.H25 Rob</subfield>
    <subfield code="p">300372</subfield>
    <subfield code="r">2023-06-12 00:00:00</subfield>
    <subfield code="w">2023-06-12</subfield>
    <subfield code="y">FM</subfield>
  </datafield>
  <datafield tag="952" ind1=" " ind2=" ">
    <subfield code="0">0</subfield>
    <subfield code="1">0</subfield>
    <subfield code="2">lcc</subfield>
    <subfield code="4">0</subfield>
    <subfield code="7">0</subfield>
    <subfield code="8">FIC</subfield>
    <subfield code="a">CPL</subfield>
    <subfield code="b">CPL</subfield>
    <subfield code="c">CHILD</subfield>
    <subfield code="d">2023-06-12</subfield>
    <subfield code="e">Zambia Library Service</subfield>
    <subfield code="l">1</subfield>
    <subfield code="o"> PS 648.H25 Rob</subfield>
    <subfield code="p">300376</subfield>
    <subfield code="r">2023-10-20 00:00:00</subfield>
    <subfield code="s">2023-09-04</subfield>
    <subfield code="w">2023-06-12</subfield>
    <subfield code="y">FM</subfield>
  </datafield>
  <datafield tag="952" ind1=" " ind2=" ">
    <subfield code="0">0</subfield>
    <subfield code="1">0</subfield>
    <subfield code="2">lcc</subfield>
    <subfield code="4">0</subfield>
    <subfield code="7">0</subfield>
    <subfield code="8">FIC</subfield>
    <subfield code="a">CPL</subfield>
    <subfield code="b">CPL</subfield>
    <subfield code="c">CHILD</subfield>
    <subfield code="d">2023-06-12</subfield>
    <subfield code="e">Zambia Library Service</subfield>
    <subfield code="l">2</subfield>
    <subfield code="o"> PS 648.H25 Rob</subfield>
    <subfield code="p">300375</subfield>
    <subfield code="r">2023-09-20 00:00:00</subfield>
    <subfield code="s">2023-09-12</subfield>
    <subfield code="w">2023-06-12</subfield>
    <subfield code="y">FM</subfield>
  </datafield>
  <datafield tag="952" ind1=" " ind2=" ">
    <subfield code="0">0</subfield>
    <subfield code="1">0</subfield>
    <subfield code="2">lcc</subfield>
    <subfield code="4">0</subfield>
    <subfield code="7">0</subfield>
    <subfield code="8">FIC</subfield>
    <subfield code="a">CPL</subfield>
    <subfield code="b">CPL</subfield>
    <subfield code="c">CHILD</subfield>
    <subfield code="d">2023-06-12</subfield>
    <subfield code="e">Zambia Library Service</subfield>
    <subfield code="l">0</subfield>
    <subfield code="o"> PS 648.H25 Rob</subfield>
    <subfield code="p">300374</subfield>
    <subfield code="r">2023-06-12 00:00:00</subfield>
    <subfield code="w">2023-06-12</subfield>
    <subfield code="y">FM</subfield>
  </datafield>
</record>
